000 00288nam a22001337a 4500
008 190304b xxu||||| |||| 00| 0 eng d
020 _a9780300056761
041 _aeng
080 _a316
100 _a50
101 _aSOC
245 _aThe Lenses of Gender
_cBem, S.L
942 _2udc
_cBK
999 _c54438
_d54438